[Event "Olympiad-42"]
[Site "Baku"]
[Date "2016.09.10"]
[Round "8.1"]
[White "Carlsen, Magnus"]
[Black "Cordova, Emilio"]
[Result "1-0"]
[WhiteElo "2857"]
[BlackElo "2638"]
[Annotator "Roiz,Michael"]
[PlyCount "81"]
[EventDate "2016.09.02"]
[EventType "team-swiss"]
[EventRounds "11"]
[EventCountry "AZE"]
[SourceTitle "CBM 175"]
[Source "ChessBase"]
[SourceDate "2016.11.10"]
[SourceVersion "1"]
[SourceVersionDate "2016.11.10"]
[SourceQuality "1"]
[WhiteTeam "Norway"]
[BlackTeam "Peru"]
[WhiteTeamCountry "NOR"]
[BlackTeamCountry "PER"]

1. d4 {Ftacnik,Lubomir} Nf6 2. c4 e6 3. Nf3 b6 4. g3 Bb7 5. Bg2 Be7 6. O-O O-O 7. Nc3 Ne4 8. Bd2 Bf6 9. Rc1 c5 {The most common. Provoking the d4-d5 advance would make the f6 more powerful, but it would also lock in the other bishop for a while.} ({In the following important encounter White was able to get some advantage after:} 9... Nxd2 10. Qxd2 d6 11. d5 e5 12. e4 Nd7 13. h4 a5 14. Bh3 Nc5 15. Kg2 Bc8 16. Bxc8 Qxc8 17. Qe2 Be7 18. Nd2 $14 {Tomashevsky,E (2731)-Ponomariov,R (2709) Baku AZE 2016}) 10. d5 exd5 11. cxd5 Nxd2 12. Nxd2 d6 13. Nde4 Be7 {This retreat looks somewhat passive, but Black wants to keep both bishops on the board.} ({The more ambitious} 13... Be5 $5 {looks perfectly playable too:} 14. f4 (14. e3 Ba6 15. Re1 g6 16. f4 Bg7 17. g4 b5 $132 {Marin,M (2549)-Brunello,S (2468) Edinburgh 2007}) 14... Bd4+ 15. Kh1 Ba6 16. Qd2 Qe7 17. g4 Nd7 18. Rfe1 g6 19. g5 Bg7 $132 {Gelfand,B (2703)-Almasi,Z (2644) Monte Carlo 2002}) ({RR} 13... Be5) 14. f4 f5 {This move is very committal - the e6-spot is permanently exposed now.} ({There was also the interesting} 14... Nd7 $5 15. g4 a6 16. a4 Nf6 $1 (16... Re8 $6 17. g5 Bf8 18. Kh1 $14 {Karpov,A (2725)-Salov,V (2660) Linares 1993}) ({RR} 16... Nf6 17. Nf2 h6 18. h4 g5 19. hxg5 hxg5 20. e3) 17. Nf2 b5 $132) ({RR} 14... Nd7 15. g4 a6 16. a4 Re8 17. g5 Bf8 18. Kh1 b5 ({RR} 18... g6 19. Bh3) ({RR} 18... Rb8 19. b3) 19. axb5 axb5 20. Nxb5 Qb6 ({RR} 20... Nb6 21. Nbc3 Nc4 22. Qd3 Ba6 ({RR} 22... Nxb2 23. Qb5) 23. Qg3) 21. Nbc3 ({RR} 21. Na3 Ba6) 21... Qb4 ({RR} 21... Ba6 22. Rf3) 22. Qd3 Nb6 23. Qg3 Kh8 ({RR} 23... Nxd5 24. Nxd5 Bxd5 25. Nf6+ gxf6 26. gxf6+ Kh8 27. Bxd5) 24. Rcd1 Nc4 ({RR} 24... Na4 25. Rb1) ({RR} 24... Bc8 25. f5 Re5 26. g6 Bxf5 27. Ng5) 25. b3 ({RR} 25. f5 Ne5) 25... Nb6 26. g6 ({RR} 26. f5 Ra3 27. g6 f6) 26... fxg6 ({RR} 26... hxg6 27. Qh4+ Kg8 28. Ng5) ({RR} 26... f6 27. gxh7) 27. f5 gxf5 28. Rxf5 Nd7 29. Rdf1 {Karpov,A (2725)-Salov,V (2660) Linares 1993 CBM 034 [Ftacnik,Lubomir] 1-0 (33)} ({RR} 29. Nxd6 Bxd6 30. Qxd6 Qxc3 ({RR} 30... Nf8 31. Qg3 Ng6 32. e4) 31. Qxd7 Ba6 32. Rdf1 Rg8 33. d6 Bxe2)) ({RR} 14... Bc8 15. Nf2 a6 16. g4 b5 17. g5 Nd7) ({RR} 14... a6 15. a4 Nd7 16. g4 Rb8 17. g5 Bc8 18. Kh1 b5 19. axb5 axb5 20. h4 b4 21. Nb1 Re8 22. Nbd2 Nb6 23. Ng3 f6 24. Nf3 Bf8 25. Qd2 Rb7 26. e4 Rf7 27. Rg1 g6 28. f5 Bg7 29. Bh3 {Dragnev,V (2535)-Henderson de la Fuente,L (2487) Spilimbergo 2019 1-0 (64)}) 15. Nf2 Ba6 $146 {This innovation hardly can be considered successful.} ({The previously played} 15... Na6 {looks more natural and offers Black adequate counterplay:} 16. Re1 Nc7 17. e4 (17. a3 $6 Bf6 18. Qd2 Qd7 $15 {Malakhatko,V (2546)-Lutz,B (2292) Basel 2011}) 17... fxe4 18. Nfxe4 Bc8 $132) ({RR} 15... Na6 16. Re1 Nc7 17. a3 Bf6 18. Qd2 Qd7 19. e4 fxe4 20. Nfxe4 Bd4+ 21. Kh1 h6 22. Ne2 Bf6 23. Nxf6+ Rxf6 24. Nc3 Rff8 25. h4 Rae8 26. Kh2 Bc8 27. Rxe8 Rxe8 28. Re1 Kf8 29. Kg1 Rxe1+ 30. Qxe1 {Malakhatko,V (2546)-Lutz,B (2292) Basel 2011 ½-½ (42)}) 16. a4 {This natural restricting move yields Black an important tempo for consolidating.} ({A more energetic approach would be} 16. Re1 $1 b5 17. Qc2 Nd7 18. e4 b4 19. Ncd1 fxe4 20. Bxe4 Nf6 21. Bf5 $36 {and Black would suffer from the vulnerablity of his light squares.}) 16... Bf6 17. Re1 Nd7 18. e3 ({For some reasons, Magnus deviates from the tempting} 18. e4 $5 Bd4 19. exf5 Rxf5 20. Bh3 Rf8 21. Nce4 Nf6 22. Ng5 $14) 18... Rb8 ({After} 18... g6 19. e4 Bd4 20. exf5 gxf5 21. Qc2 $14 {the weakness of the e6-spot starts to tell.}) 19. Qc2 (19. Bh3 $5) 19... g6 20. Nb5 ({Now Black is better prepared to meet} 20. e4 Bd4 21. Kh1 (21. exf5 g5 $1 $132) 21... Bxf2 22. Qxf2 fxe4 23. Nxe4 Ne5 $132) 20... Bxb5 21. axb5 Bg7 $1 {An excellent prophylactic move - now the f5 is over-protected.} (21... Re8 22. Ra1 Qc7 23. e4 fxe4 24. Nxe4 Bd4+ 25. Kh1 Nf6 26. Ng5 $36) 22. Bh3 ({The immediate} 22. e4 Bd4 23. exf5 {also can be met with the same approach as in the game:} g5 $1 (23... Rxf5 24. Bh3 Rf8 25. Kh1 $14) 24. Re4 gxf4 25. Rxf4 Qe8 26. Kh1 Nf6 $132 {with double-edged play.}) ({However,} 22. Ra1 $5 {deserved serious attention:} Rb7 23. e4 {Now, when Black's rook is tied down to protecting the a7, this advance becomes more effective.} Bd4 24. Kh1 Bxf2 25. Qxf2 fxe4 26. Rxe4 Nf6 27. Ree1 $14) 22... Kh8 23. e4 g5 $1 {GM Cordova manages to make use of having the dark-squared bishop - now neither king is safe.} 24. fxg5 ({Black's tactical idea was based on the following line:} 24. Bxf5 gxf4 25. gxf4 Qh4 $1 26. Bxd7 Bd4 27. Bf5 Rxf5 28. exf5 Bxf2+ 29. Qxf2 Rg8+ 30. Kf1 Qh3+ 31. Ke2 Rg2 $11) 24... f4 ({Another possibility was} 24... Ne5 25. Qe2 fxe4 26. Nxe4 Nf3+ 27. Kg2 Nxg5 $1 ({The ''greedy''} 27... Nxe1+ $6 28. Rxe1 Qe7 29. Be6 $14 {leads to a passive position.}) 28. Nxg5 Qxg5 $11) 25. Bf5 fxg3 26. Nh3 {White was able to keep the g5, so the position remains quite sharp.} gxh2+ 27. Kh1 {As often happens, the h2 only makes White's monarch safer!} ({Correctly refuting} 27. Qxh2 $6 Be5 28. Qg2 Rg8 29. Kh1 Nf8 $15 {and White's king is in a real danger.}) 27... Be5 28. Qe2 Rf7 (28... Qe7 29. Qg4 Rf7 30. g6 Rg7 31. Ng5 Nf6 32. Qh4 $13) 29. Rc2 Rg7 (29... Nf8 30. Qh5 Rg7 31. Rf1 Qe8 32. Qh6 $13) 30. Rf1 {Both sides have time for mobilising their forces now.} Qe8 31. Qd3 Nf8 32. Rg2 Ng6 33. Bxg6 Qxg6 {Keeping the pawn on h7 looks safest for a human eye.} ({However, there was nothing wrong with} 33... hxg6 {either:} 34. Nf2 Qe7 35. Ng4 Qxg5 36. Rf3 Qc1+ 37. Rf1 Qg5 $11) 34. Nf4 Bxf4 35. Rxf4 Qh5 ({Black would also obtain sufficient counterplay after} 35... Rf7 36. Rxf7 Qxf7 37. e5 Qf4 38. e6 Rf8 $11) 36. Qc3 Kg8 {This move isn't that bad,} ({but} 36... Qd1+ 37. Kxh2 Qh5+ 38. Kg1 Qd1+ {was a more convincing way of securing a draw:} 39. Rf1 Qd4+ 40. Qxd4 cxd4 41. Rd1 Rf8 42. Rxd4 Rf4 43. Rc4 Re7 $11) 37. Qf6 Rf7 $2 {Letting White pin the f7 is a bad decision.} ({The correct move was} 37... Qg6 38. Kxh2 Qxf6 39. Rxf6 Re8 40. Rg4 h5 41. Rgf4 Rxg5 42. Rxd6 Rge5 $11) 38. Qe6 ({Another winning way is less obvious:} 38. Qh6 Qd1+ 39. Kxh2 Rxf4 40. g6 $18) 38... Rbf8 39. Rgf2 $2 {Such mistakes in the winning positions are untypical for Magnus!} ({The correct} 39. Rf5 {would have put Black in a hopeless situation:} Qd1+ 40. Kxh2 Qh5+ 41. Kg3 Qg6 42. Rgf2 Qxe6 43. dxe6 Rxf5 44. exf5 $18) 39... c4 $2 {GM Cordova doesn't stand the pressure till the end and loses on the spot.} ({At the same time, after} 39... Kg7 40. Qh6+ (40. Qxd6 Rxf4 41. Rxf4 Qd1+ 42. Kxh2 Qd2+ 43. Kg3 Qe3+ $11) 40... Qxh6 41. gxh6+ Kg6 42. Rxf7 Rxf7 43. Rxf7 Kxf7 44. Kxh2 Kf6 45. Kg3 Kg5 46. b3 Kxh6 47. e5 Kg7 48. e6 Kf6 {the resulting endgame seems drawish. For instance,} 49. Kg4 Kg6 50. Kf3 h5 51. Kf2 Kf6 52. Kg3 Kg7 53. Kh3 Kf6 $11) 40. g6 $1 Qd1+ (40... Qxg6 41. Rg2 $18) 41. Rf1 1-0

[Event "Olympiad-42"]
[Site "Baku"]
[Date "2016.09.12"]
[Round "10.1"]
[White "Carlsen, Magnus"]
[Black "Ghaem Maghami, Ehsan"]
[Result "1-0"]
[WhiteElo "2857"]
[BlackElo "2566"]
[Annotator "Mekhitarian,Krikor Sevag"]
[PlyCount "57"]
[EventDate "2016.09.02"]
[EventType "team-swiss"]
[EventRounds "11"]
[EventCountry "AZE"]
[SourceTitle "CBM 175"]
[Source "ChessBase"]
[SourceDate "2016.11.10"]
[SourceVersion "1"]
[SourceVersionDate "2016.11.10"]
[SourceQuality "1"]
[WhiteTeam "Norway"]
[BlackTeam "Iran"]
[WhiteTeamCountry "NOR"]
[BlackTeamCountry "IRI"]

1. d4 d5 2. Nf3 Nf6 3. Bf4 {The old and good London System, quite common these days.} e6 4. e3 Bd6 5. Bg3 c5 6. c3 Nc6 7. Nbd2 Bxg3 $6 {Honestly it is hard to understand why Black would play this move over the simple 7...O-O:} (7... O-O 8. Bd3 b6 {with many recent games in this position. More ambitious moves like e2, e4, e5 and the standard O-O have been played, generally with satisfactory results for White. For example:} 9. Qe2 Bb7 10. Rd1 Re8 $1 (10... Qe7 11. e4 dxe4 12. Nxe4 Nxe4 13. Bxe4 cxd4 14. Bxd6 Qxd6 15. Nxd4 $14 {1-0 (30) Artemiev,V (2663)-Savchenko,B (2613) Sochi 2016; with a comfortable advantage.}) 11. e4 Be7 $1 {the typical reaction against e5. Black is ready to play ...h5 if White goes for e5:} 12. e5 Nh5 13. a3 g6 14. Nf1 f5 $1 15. exf6 Bxf6 16. Ne3 e5 $1 {Wesley So is a player who shows tremendous energy in every game; I can guess it feels like you are playing against a computer} 17. dxe5 Nxe5 18. Nxe5 Nxg3 19. hxg3 Rxe5 {with the bishop pair and the initiative, Black's position is already preferable} 20. Bc4 b5 $5 21. Bxb5 Qb6 22. O-O Kg7 $1 $44 {0-1 (34) Sedlak,N (2537)-So,W (2782) Baku 2016; threatening ...d4 and preparing strong pressure on the e-file, as soon as the bishop leaves b5.}) 8. hxg3 Qd6 9. Bb5 {White guarantees access to e5.} Bd7 10. Bxc6 ({RR} 10. O-O O-O 11. a4 a6 12. Bxc6 Bxc6 13. a5 Bb5 14. Re1 Rac8 15. Qb3 Rc7 16. Qa3 Rd8 17. Ne5 Nd7 18. Nxd7 Rdxd7 19. Nb3 c4 20. Qxd6 Rxd6 21. Nc5 f6 22. e4 e5 23. Rad1 Kf7 24. exd5 Rxd5 {Eljanov,P (2742)-Grachev,B (2654) Moscow 2010 ½-½ (37)}) 10... Bxc6 11. Ne5 Qc7 (11... Nd7 {doesn't change the evaluation of the weird 7...xg3:} 12. f4 $6 {I didn't like this approach} (12. Ndf3 $5 Nxe5 (12... f6 $2 13. Ng6 Rg8 14. Rxh7 O-O-O 15. Qc2 $16 {0-1 (41) Umetsubo,C (2374)-Matsuura,E (2486) Blumenau 2015. White is a pawn up, but the knight on g6 is somewhat awkward.}) 13. Nxe5 {and White is simply better} O-O $2 14. Qh5 $1 h6 15. Ng4 $1 $16 e5 16. Qxe5 (16. dxc5 $5 Qe6 17. Nxe5 Rae8 18. Nf3 $16) 16... Qg6 17. Qh5 Qc2 $2 (17... Qe6 $5) 18. Nf6+ Kh8 19. Qg5 $1 Qxb2 $4 20. Rxh6+ {1-0 (20) Bosque Ortega,X (2197)-Acebal Muniz,A (2140) Benidorm 2013}) 12... Nxe5 13. fxe5 Qe7 {I guess the main reason to prefer 12.df3 or even 12.xd7 is that now the d2-knight lacks a good square:} 14. Qg4 f5 15. Qh5+ Kd7 16. a4 Kc7 17. dxc5 Qxc5 18. Qg5 Qf8 (18... h6 $5 {was more precise} 19. Qxg7+ Bd7 20. Kf2 Rag8 21. Qf7 Rf8 22. Qg7 Rfg8 $11 {already guaranteeing the draw} 23. Qf6 Rxg3 24. Kxg3 Qxe3+ 25. Kh2) 19. Nf3 h6 20. Qg6 $11 {1-0 (42) Kamsky,G (2741)-Potkin,V (2647) Khanty-Mansiysk 2013; but this too looks acceptable. White ended up winning this blitz game.}) ({RR} 11... cxd4 12. exd4 Qc7 13. g4 Nd7 14. Nxd7 Kxd7 15. Qf3 Raf8 16. O-O-O Qd8 17. Qe3 h6 18. Nf3 Kc8 19. Rh5 Rhg8 20. Rdh1 Qd6 21. Qe5 Kd7 22. Re1 f6 23. Qe3 Re8 24. Nh4 Kc7 25. Ng6 Bd7 26. Rhh1 {Shyam,S (2497)-Sobh,A (2117) Bangalore IND 2024 ½-½ (84)}) 12. Qf3 $146 {Now White has easy play, and a clear plan with g4.} ({RR} 12. Qc2 cxd4 13. cxd4 Rc8 14. O-O Nd7 15. Ndf3 f6 16. Nxd7 Bxd7 17. Qd2 O-O 18. Rfc1 Qb6 19. Rxc8 Rxc8 20. Rc1 Rxc1+ 21. Qxc1 {½-½ (21) Tillyaev,U (2304)-Khusenkhojaev,M (2441) Tashkent 2019}) ({RR} 12. g4 Nd7 13. Ndf3 cxd4 14. exd4 Nf8 15. g5 f6 16. Nd3 Ng6 17. gxf6 gxf6 18. Qe2 Qd6 19. Qe3 O-O-O 20. O-O-O Bb5 21. Rhe1 Rde8 22. g3 Kb8 23. Kb1 Re7 24. Nd2 e5 25. Nb3 Rhe8 26. dxe5 fxe5 {Kreutzmann,D (2049)-Song,Y (2178) Konya 2018 0-1 (61)}) 12... h6 13. Qf4 Qe7 14. g4 {It looks bad for Black already. Naturally White takes advantage of the fact that he hasn't castled yet and makes full use of his h1-rook in the play.} Nh7 15. Qg3 Rg8 $2 (15... cxd4 $1 {was the last chance for an acceptable position} 16. exd4 (16. cxd4 Rc8 17. O-O O-O $11) 16... O-O-O {looks dangerous, but maybe Black will survive after ...c7 and ...b8 (of course being careful not to run into xf7! taking advantage of the g3-queen pinning the c7-queen). Perhaps for that matter, ...e8 could be useful, if White isn't in time to open up the position with c1-c4.} 17. Rc1 (17. Nxc6 bxc6 18. Nb3 Qc7 19. Qd3 Nf6 20. Nc5 Nd7 $1 {looks playable, after all}) 17... Qc7 {threatening f6} 18. c4 (18. O-O f6 (18... Be8 $2 19. c4 $1 $16) 19. Nxc6 Qxg3 20. Nxa7+ Kb8 21. fxg3 Kxa7 $14 {and I would be very happy to play this after such a dangerous position from the opening}) 18... f6 19. Nxc6 (19. cxd5 Rxd5 20. Nxc6 Qxg3 21. fxg3 (21. Nxa7+ Kb8 22. fxg3 Kxa7 $14 {with excellent defensive chances for Black}) 21... bxc6 22. Rxc6+ Kb8 23. Nf3 Rc8 24. Rxc8+ Kxc8 25. Ke2 $14 {and Black is definitely in the game.}) 19... Qxg3 20. Nxa7+ Kb8 21. fxg3 Kxa7 $14 {similar to the lines mentioned above.}) 16. O-O $16 {Now Black will be defenceless against the further opening of the centre. It is important to notice that the h1-rook has already performed its duty from there, and can now join the central action. Also, the king finds a safe shelter on g1.} Nf6 17. Rac1 Rc8 18. c4 $1 {Choosing a nice moment to open up the position. Nobody said it was easy to play against the world champion with the black pieces!} dxc4 (18... cxd4 {isolating d4 doesn't help} 19. exd4 dxc4 20. Ndxc4 Nd5 21. Rfe1 $16) 19. dxc5 Qxc5 20. Ndxc4 Ke7 21. b4 $1 Qxb4 22. Nd3 {Now the queen can't move because of the deadly d6+.} Ne4 {Forced.} (22... Qb5 23. Qd6+ Ke8 24. Qa3 $1 {threatening d6+.} Rd8 25. Nd6+ Rxd6 26. Qxd6 $18) 23. Nxb4 Nxg3 24. fxg3 Bb5 $2 {The position was already difficult, but this loses right away.} (24... Bd7 {White's pawn structure is horrible, but a piece up should be enough to win the game without difficulties} 25. Ne5 $18) 25. Rxf7+ $1 Kxf7 26. Nd6+ Ke7 27. Nxc8+ Kd7 28. Nxa7 $18 Ba4 29. Nd3 1-0